How well do you know Celine Dion - Statistics

General Stats
  • This quiz has been taken 45 times
  • The average score is 24 of 70
Answer Stats
Hint Answer % Correct
What is her first language? French
94%
How many siblings does she have? 13
76%
What is Celine's FULL name? Celine Marie Claudette Dion
76%
In what year did Celine and Rene marry? 1994
65%
In what year did Rene sadly pass away? 2016
65%
In what year was this album released?^ 2016
65%
On which album would you find 'Beauty and the Beast' feat. Peabo Bryson? Celine Dion
65%
Which Canadian manager did Celine's parents send her material to? Rene Angelil
62%
What is the name of Celine's VERY first ENGLISH album? Unison
62%
How many children do they share together? 3
56%
What was the name of Celine's 2003-2007 Las Vegas residency? A New Day
56%
What about 'Seduces Me' ? Falling Into You
56%
What is the name of the song Celine has with The Bee Gees? Immortality
56%
Can you name Celine's 2019 English album? Courage
53%
What did he reportedly do as he heard Celine sing? Cry
53%
What 2007 English album saw Celine take to the road on tour in 2008? Taking Chances
53%
What movie is this from? Titanic
53%
On what album does this appear Let's Talk About Love
50%
What is the name of Celine's 2004 album about the love of a mother for her child? Miracle
50%
What was the name of Celine's 2007 FRENCH album? D'elles
47%
What about her 2013 ENGLISH album? Loved Me Back to Life
47%
This album includes a duet with Andrea Bochelli - what is the name of the song? The Prayer
47%
What was the lead single for Unison? Where Does My Heart Beat Now?
47%
On which album would you find 'I Remember L.A.' ? The Colour of My Love
44%
What in the name of Celine's 2002 comeback album after hiatus? A New Day Has Come
41%
What is the name of Celine's 1998 Christmas album? These Are Special Times
41%
In 2023, Celine made her acting debut in a rom-com called...? Love Again
38%
Can you name them all? Rene -Charles, Nelson, Eddy
38%
What is the name of the duet they have together? Tell Him
38%
What is the name of Celine's VERY first FRENCH album? La Voix du Bon Dieu
35%
Who wrote the title track^ Sia
35%
What were the names of Celine's parents Adhemar and Therese
32%
Which singer did Celine step in for at the 1997 Oscars? Barbra Streisand
32%
Who did Celine ask on stage to sing 'The Reason' with her? Carole King
32%
This album^ features a song called 'When the Wrong One Loves You Right' - which group did Celine sing this with at her 2002 comeback show? Destiny's Child
32%
Who does Celine often sing this song with when Andrea is not around? Josh Groban
32%
What dialect of the above language did she grow up speaking? Quebecois
32%
Which young Filipino singer did Celine invite to sing with her at Madison Square Garden? Charice
29%
Who does she play in the movie? Herself
29%
...and who's still mad about it? Mariah Carey
29%
What French album followed this?^ S'il Suffisait D'aimer
29%
'I Drove All Night' is a song that was used on a commercial for which car company? Chrysler
26%
What is the name of the album on which the song 'Ordinaire' appears? Encore un Soir
26%
What sport is Celine obsessed with? Golf
26%
in 2022, Celine shared she was diagnosed with a rare condition called...? Stiff Person Syndrome
26%
What is the name of the necklace Celine rented for the 1998 Oscars? The Heart of the Ocean
26%
On the same night, Celine sang 'Beauty and the Beast' with whom? Brian McKnight
24%
What was the name of her very first song? Ce n'etait qu'un reve
24%
In 2017, Celine sang a new song for the live action remake of Beauty and the Beast - can you name the song? How Does a Moment Last Forever?
24%
At Diva Live 1998, who did Celine riff it on out with? Aretha Franklin
21%
What colour dress did she wear to the premiere^ Blue
21%
Which famous photographer's work was used for the album promo? Anne Geddes
18%
In which part of Canada was she born? (be specific) Charlemagne Quebec
18%
Which of her siblings did Celine lose two days after Rene? Daniel
18%
...and what sport is Rene-Charles obsessed with? Ice Hockey
18%
What Robert Redford and Michelle Pfeiffer movie includes Celine's song 'Because You Loved Me?' Up Close and Personal
18%
What is the name of the live album Celine released in 1999 after her Stade de France performance? Au Coeur du Stade
15%
What did fans HATE about the early shows? Her hair
15%
Which chat show host is Celine very close with having appeared on her show many times? Oprah Winfrey
15%
Can you name the impressionist who has often opened for Celine? Veronic DiCaire
12%
What Adele and Daniel Merriweather song did Celine cover for this album?^ Water and a Flame
12%
Which Italian-born creative was the mind behind this show^? Franco Dragone
9%
What does Celine ask for on stage to allow for better vocal health? Humidity
9%
What French song did Celine sing live in 2001 for the victims of 911? L'amour Existe Encore
9%
What was the name of the tour movie that followed? Celine Through the Eyes of the World
6%
What is the name of the song that Celine has with Paul Anka that isn't all that well-known? It's Hard to Say Goodbye
6%
What is this called in French? La Coeur de la Mer
6%
What did he do to fund Celine's record deal? remortgaged his house
6%
What do Celine's parents call her? The accident of the family
6%
Who did Celine surprise on Oprah in 2010? The Canadian Tenors
6%
No matching quizzes found
Score Distribution
Percent of People with Each Score
Percentile by Number Answered
Your Score History
You have not taken this quiz